| 000 | 00493nam a2200193Ia 4500 | ||
|---|---|---|---|
| 005 | 20220518115130.0 | ||
| 008 | 131103s9999 xx 000 0 und d | ||
| 020 | _a140178287 | ||
| 040 | _aLoreto College | ||
| 041 | _aEnglish | ||
| 082 |
_aF _bJAM |
||
| 100 | _aJames,P.D. | ||
| 245 | 4 |
_aThe children of men _cP.D.James |
|
| 260 |
_aLondon _bPenguin Books in association with Faber & Faber _c1992 |
||
| 300 | _a351 p. | ||
| 650 | _aFiction in English | ||
| 850 | _aLCLIB | ||
| 942 | _cBK | ||
| 999 |
_c14711 _d65190 |
||